| 000 -ლიდერი |
| ფიქსირებული სიგრძის საკონტროლო ველი |
01189nam a2200241Ia 4500 |
| 001 - საკონტროლო ნომერი |
| საკონტროლო ველი |
5412 |
| 003 - საკონტროლო ნომრის იდენტიფიკატორი |
| საკონტროლო ველი |
GE_BSU |
| 005 - ბოლო ოპერაციის თარიღი და დრო |
| საკონტროლო ველი |
20190514184046.0 |
| 008 - ფიქსირებული სიგრძის მონაცემთა ელემენტები - ზოგადი ინფორმაცია |
| ფიქსირებული სიგრძის საკონტროლო ველი |
181216s1989||||ge |||||||||||||| ||geo|| |
| 020 ## - წიგნის საერთაშორისო სტანდარტული ნომერი |
| International Standard Book Number |
5505001726 |
| 040 ## - კატალოგიზაციის წყარო |
| Transcribing agency |
GE_BSU |
| 041 ## - ენის კოდი |
| Language code of text/sound track or separate title |
geo |
| 080 ## - უნივერსალური ათობითი კლასიფიკაციის ინდექსი |
| Universal Decimal Classification number |
658.5-52(075.3) + 681.51+621 ბ-82 |
| 100 ## - მთავარი ჩანაწერი - პიროვნების სახელი |
| Personal name |
ბოკუჩავა, გ. |
| 9 (RLIN) |
1137 |
| 245 ## - ცნობა სათაურის შესახებ |
| Title |
მოქნილი საწარმოო სისტემის ტექნოლოგიური საფუძვლები : |
| Remainder of title |
დამხმ. სახელმძღ. / |
| Statement of responsibility, etc |
გ. ბოკუჩავა, თ. გეგეჭკორი ; რედ. დ. დავითაძე. |
| 264 ## - წარმოების, გამოცემის, დისტრიბუციის და სხვა ცნობები |
| გამოცემის, წარმოების, დისტრიბუციის... ადგილი |
თბილისი : |
| გამოცემის, წარმოების, დისტრიბუციის... სახელწოდება |
განათლება, |
| გამოცემის, წარმოების, დისტრიბუციის... თარიღი |
1989. |
| 300 ## - ფიზიკური აღწერა |
| Extent |
168 გვ. : |
| Other physical details |
ილ. ; |
| Dimensions |
22 სმ. |
| 505 ## - FORMATTED CONTENTS NOTE |
| Formatted contents note |
ბიბლიოგრ. : გვ.164. |
| 653 ## - INDEX TERM--UNCONTROLLED |
| Uncontrolled term |
მოქნილი საწარმოო სისტემის ტექნოლოგიური საფუძვლები |
| 700 ## - ADDED ENTRY--PERSONAL NAME |
| Personal name |
გეგეჭკორი, თ. |
| Relator term |
ავტორი |
| 9 (RLIN) |
1138 |
| 700 ## - ADDED ENTRY--PERSONAL NAME |
| Personal name |
დავითაძე, დ. |
| Relator term |
რადაქტორი |
| 9 (RLIN) |
1139 |
| 942 ## - ADDED ENTRY ELEMENTS (KOHA) |
| Koha item type |
წიგნი |
| Source of classification or shelving scheme |
|